[Event "EU-chT (Women) 15th"]
[Site "Gothenburg"]
[Date "2005.08.02"]
[Round "4"]
[White "Cinar, Nilufer"]
[Black "Hernandez Estevez, Yudania"]
[Result "0-1"]
[WhiteElo "2038"]
[BlackElo "2234"]
[PlyCount "84"]
[EventDate "2005.07.30"]
[EventType "team-swiss"]
[EventRounds "9"]
[EventCountry "SWE"]
[SourceTitle "CBM 107 Extra"]
[Source "ChessBase"]
[SourceDate "2005.09.01"]
[SourceVersion "1"]
[SourceVersionDate "2005.09.01"]
[SourceQuality "1"]
[WhiteTeam "Turkey (W)"]
[BlackTeam "Spain (W)"]
[WhiteTeamCountry "TUR"]
[BlackTeamCountry "ESP"]

1. e4 e5 2. Nf3 Nf6 3. Nxe5 d6 4. Nf3 Nxe4 5. Nc3 Nxc3 6. dxc3 Be7 7. Bf4 0-0 8. Qd2 Nd7 9. 0-0-0 Nc5 10. h4 Bg4 11. Re1 Bxf3 12. gxf3 Ne6 13. Bg3 Re8 14. h5 Bg5 15. Re3 Qf6 16. Be2 Nf4 17. Kb1 Nxe2 18. Qxe2 Bxe3 19. fxe3 Qh6 20. e4 c6 21. Qh2 Qe3 22. Qg2 Re6 23. Bf2 Qh6 24. Rg1 Kf8 25. Bd4 Qxh5 26. Qxg7+ Ke7 27. Rg5 Qxf3 28. b3 Qxe4 29. Rg4 Qf5 30. Rg5 Qf1+ 31. Kb2 Rg6 32. Rxg6 hxg6 33. c4 Qf5 34. Qh6 Kd7 35. Qg7 Ke7 36. Qh6 Re8 37. Bc3 Kd7 38. Qd2 g5 39. b4 Qf4 40. Qg2 g4 41. Qg1 Re3 42. Bd2 Qd4+ 0-1

[Event "BUL-TUR m"]
[Site "Svilengrad"]
[Date "2005.07.20"]
[Round "1"]
[White "Cinar, Nilufer"]
[Black "Genova, Liubka"]
[Result "0-1"]
[WhiteElo "2038"]
[BlackElo "2235"]
[PlyCount "92"]
[EventDate "2005.07.20"]
[EventType "team"]
[EventRounds "2"]
[EventCountry "BUL"]
[SourceTitle "CBM 107 Extra"]
[Source "ChessBase"]
[SourceDate "2005.09.01"]
[SourceVersion "1"]
[SourceVersionDate "2005.09.01"]
[SourceQuality "1"]

1. e4 c5 2. Nf3 e6 3. d4 cxd4 4. Nxd4 a6 5. Nc3 b5 6. Bd3 Qb6 7. Nb3 Qc7 8. 0-0 d6 9. f4 Nd7 10. a4 b4 11. Ne2 Ngf6 12. Kh1 Bb7 13. Ng3 h5 14. Qf3 h4 15. Ne2 h3 16. Re1 hxg2+ 17. Kg1 d5 18. Ng3 dxe4 19. Nxe4 Rc8 20. Bd2 Be7 21. Re2 g5 22. Rxg2 g4 23. Qe2 Rh3 24. a5 Nxe4 25. Bxe4 Bxe4 26. Qxe4 Qxc2 27. Qxc2 Rxc2 28. Rc1 Rxc1+ 29. Nxc1 f5 30. Re2 Bc5+ 31. Kg2 Kf7 32. Be1 Rf3 33. Rd2 Ke8 34. Nd3 Bd6 35. Bg3 Nf6 36. Ne5 Bxe5 37. fxe5 Ne4 38. Rd4 Rb3 39. Bh4 Rxb2+ 40. Kg1 Rb1+ 41. Kg2 b3 42. Rd8+ Kf7 43. Rd7+ Kg6 44. Re7 f4 45. Rxe6+ Kf5 46. Rxa6 f3# 0-1

[Event "EU-ch (Women) 6th"]
[Site "Kishinev"]
[Date "2005.06.20"]
[Round "9"]
[White "Cinar, Nilufer"]
[Black "Foisor, Mihaela Veronica"]
[Result "1-0"]
[WhiteElo "2037"]
[BlackElo "1930"]
[PlyCount "99"]
[EventDate "2005.06.11"]
[EventType "swiss"]
[EventRounds "12"]
[EventCountry "MDA"]
[SourceTitle "CBM 106 Extra"]
[Source "ChessBase"]
[SourceDate "2005.07.01"]
[SourceVersion "1"]
[SourceVersionDate "2005.07.01"]
[SourceQuality "1"]

1. e4 c5 2. Nf3 e6 3. b3 d5 4. exd5 exd5 5. Bb5+ Bd7 6. Bxd7+ Nxd7 7. 0-0 Be7 8. Re1 Ngf6 9. Qe2 d4 10. Na3 Nd5 11. c4 Nc7 12. Nb5 Ne6 13. d3 0-0 14. Bd2 a6 15. Na3 Qc7 16. Nc2 Rfe8 17. a3 Nf6 18. b4 b6 19. Rab1 Rab8 20. a4 a5 21. bxa5 bxa5 22. Rb5 Rxb5 23. axb5 Nf4 24. Qf1 Bd6 25. Rxe8+ Nxe8 26. g3 Ng6 27. Qe1 Nf6 28. Bxa5 Qb7 29. Qe2 Qa8 30. Bd2 Qa2 31. Nce1 h5 32. h4 Kf8 33. Kf1 Ng4 34. Bc1 Qb1 35. Qb2 Qxb2 36. Bxb2 f5 37. Ng2 Ke7 38. Ke2 Kd7 39. Bc1 N4e5 40. Ng5 Be7 41. Nh3 Nf7 42. Nhf4 Nxf4+ 43. Bxf4 g5 44. hxg5 Nxg5 45. Bd2 Ne6 46. Bh6 Ng5 47. Bxg5 Bxg5 48. Kf3 Ke6 49. Nf4+ Bxf4 50. Kxf4 1-0

[Event "Olympiad Women-36"]
[Site "Mallorca"]
[Date "2004.10.24"]
[Round "9.2"]
[White "Cinar, Nilufer"]
[Black "Bakalarz, Grazyna"]
[Result "0-1"]
[WhiteElo "2053"]
[BlackElo "2035"]
[PlyCount "121"]
[EventDate "2004.10.15"]
[EventType "team-swiss"]
[EventRounds "14"]
[EventCountry "ESP"]
[SourceTitle "CBM 102 Extra"]
[Source "ChessBase"]
[SourceDate "2004.11.03"]
[SourceVersion "1"]
[SourceVersionDate "2004.11.03"]
[SourceQuality "1"]
[WhiteTeam "Turkey (W)"]
[BlackTeam "Luxembourg (W)"]
[WhiteTeamCountry "TUR"]
[BlackTeamCountry "LUX"]

1. e4 c5 2. Nf3 e6 3. c4 Nc6 4. Nc3 e5 5. d3 d6 6. Be2 g6 7. Nd5 Bg7 8. Bg5 f6 9. Be3 Nge7 10. Qd2 0-0 11. h4 Nd4 12. h5 Nxd5 13. cxd5 g5 14. h6 Bh8 15. 0-0-0 Bd7 16. Kb1 a5 17. Rc1 b5 18. Bxd4 exd4 19. Rh5 Be8 20. Rh3 Bg6 21. Rg3 Qe7 22. Ne1 a4 23. Bg4 f5 24. exf5 Bxf5 25. Bxf5 Rxf5 26. Nf3 Bf6 27. Re1 Qd8 28. Qe2 Be5 29. Rg4 Qf6 30. Rh1 Kh8 31. Rh5 Rg8 32. Qe4 Bf4 33. g3 Be5 34. Nxe5 Rxe5 35. Qh1 Qxf2 36. Re4 Qf5 37. g4 Qf6 38. Rh3 Rf8 39. Rh2 Rxd5 40. Re1 Re5 41. Rhe2 Rxe2 42. Rxe2 Qf1+ 43. Qxf1 Rxf1+ 44. Kc2 Rf8 45. Kd2 Kg8 46. Re7 Rf7 47. Re1 Rf6 48. Re7 b4 49. Rg7+ Kh8 50. Ra7 Rxh6 51. Rxa4 Rh1 52. Kc2 Rg1 53. Ra6 Rxg4 54. Rxd6 Kg7 55. a4 bxa3 56. bxa3 Rg2+ 57. Kb3 h5 58. Rd5 Kh6 59. a4 Re2 60. Rxc5 Rh2 61. a5 0-1

[Event "EU-ch (Women) 5th"]
[Site "Dresden"]
[Date "2004.03.26"]
[Round "6"]
[White "Horn, Emilia"]
[Black "Cinar, Nilufer"]
[Result "1-0"]
[WhiteElo "2051"]
[BlackElo "2092"]
[PlyCount "61"]
[EventDate "2004.03.21"]
[EventType "swiss"]
[EventRounds "12"]
[EventCountry "GER"]
[SourceTitle "CBM 099 Extra"]
[Source "ChessBase"]
[SourceDate "2004.05.04"]
[SourceVersion "1"]
[SourceVersionDate "2004.05.04"]
[SourceQuality "1"]

1. e4 e5 2. Nf3 Nc6 3. Nc3 Nf6 4. d4 exd4 5. Nxd4 Bc5 6. Be3 Bb6 7. Bc4 d6 8. f3 0-0 9. Qd2 Re8 10. 0-0 Ne5 11. Bb3 c6 12. Kh1 Qe7 13. Rad1 Bd7 14. Rfe1 Rad8 15. Nde2 Be6 16. Bxb6 axb6 17. Nd4 Bxb3 18. axb3 g6 19. f4 Ned7 20. b4 b5 21. Re3 Nb6 22. b3 Nbd5 23. Nxd5 Nxd5 24. Nf5 gxf5 25. Rg3+ Kh8 26. exd5 f6 27. h3 Rd7 28. Qc3 Rc7 29. dxc6 bxc6 30. Kh2 d5 31. Re1 1-0

[Event "EU-ch (Women) 5th"]
[Site "Dresden"]
[Date "2004.03.25"]
[Round "5"]
[White "Cinar, Nilufer"]
[Black "Acar, Gizem"]
[Result "1-0"]
[WhiteElo "2092"]
[BlackElo "1888"]
[PlyCount "93"]
[EventDate "2004.03.21"]
[EventType "swiss"]
[EventRounds "12"]
[EventCountry "GER"]
[SourceTitle "CBM 099 Extra"]
[Source "ChessBase"]
[SourceDate "2004.05.04"]
[SourceVersion "1"]
[SourceVersionDate "2004.05.04"]
[SourceQuality "1"]

1. e4 d6 2. d4 g6 3. Nc3 Nf6 4. g3 Bg7 5. Bg2 c6 6. Nge2 Nbd7 7. 0-0 Qc7 8. f4 Nb6 9. e5 Nfd7 10. a4 d5 11. f5 gxf5 12. Rxf5 Nxe5 13. Rxe5 Bxe5 14. dxe5 Qxe5 15. Bf4 Qg7 16. Qd4 f6 17. Qd3 e5 18. Bc1 h5 19. a5 Nc4 20. b3 Nd6 21. Ba3 Nf5 22. Rf1 Ne7 23. Nd1 h4 24. Nf2 Bf5 25. Qc3 Qh7 26. Re1 Ng6 27. a6 Rc8 28. axb7 Qxb7 29. Nd4 Bd7 30. Qf3 Kf7 31. Nf5 Bxf5 32. Qxf5 hxg3 33. hxg3 Ne7 34. Qf3 e4 35. Qf4 Ng6 36. Qe3 Rcg8 37. Bb2 Qe7 38. Ra1 c5 39. Ra6 Ne5 40. Qf4 Rh5 41. Kf1 Rhg5 42. g4 Nxg4 43. Nxg4 Rxg4 44. Rxf6+ Ke8 45. Qb8+ Qd8 46. Qe5+ Qe7 47. Re6 1-0

[Event "EU-ch (Women) 5th"]
[Site "Dresden"]
[Date "2004.03.24"]
[Round "4"]
[White "Partac, Elena"]
[Black "Cinar, Nilufer"]
[Result "1-0"]
[WhiteElo "2230"]
[BlackElo "2092"]
[PlyCount "75"]
[EventDate "2004.03.21"]
[EventType "swiss"]
[EventRounds "12"]
[EventCountry "GER"]
[SourceTitle "CBM 099 Extra"]
[Source "ChessBase"]
[SourceDate "2004.05.04"]
[SourceVersion "1"]
[SourceVersionDate "2004.05.04"]
[SourceQuality "1"]

1. e4 c5 2. Nf3 a6 3. Nc3 Nc6 4. g3 d6 5. Bg2 g6 6. 0-0 Bg7 7. d3 Nf6 8. h3 0-0 9. Nh4 Rb8 10. f4 Bd7 11. Be3 Nd4 12. Kh2 b5 13. Ne2 Nxe2 14. Qxe2 Ne8 15. c3 b4 16. c4 Nc7 17. f5 a5 18. Rf2 a4 19. Raf1 a3 20. b3 Ne8 21. Qd2 Bc3 22. Qc1 Bb2 23. Rxb2 axb2 24. Qxb2 Nf6 25. Bh6 Re8 26. g4 Qa5 27. g5 Nh5 28. Bf3 Qa3 29. Qb1 Ra8 30. Rf2 e5 31. Bxh5 gxh5 32. g6 hxg6 33. fxg6 fxg6 34. Qg1 Re6 35. Nxg6 Kh7 36. Nf8+ Kxh6 37. Nxe6 Bxe6 38. Rf6+ 1-0

[Event "EU-ch (Women) 5th"]
[Site "Dresden"]
[Date "2004.03.23"]
[Round "3"]
[White "Cinar, Nilufer"]
[Black "Sharevich, Anna"]
[Result "0-1"]
[WhiteElo "2092"]
[BlackElo "2236"]
[PlyCount "68"]
[EventDate "2004.03.21"]
[EventType "swiss"]
[EventRounds "12"]
[EventCountry "GER"]
[SourceTitle "CBM 099 Extra"]
[Source "ChessBase"]
[SourceDate "2004.05.04"]
[SourceVersion "1"]
[SourceVersionDate "2004.05.04"]
[SourceQuality "1"]

1. e4 c5 2. Nf3 e6 3. d4 cxd4 4. Nxd4 a6 5. c4 Nf6 6. Nc3 Bb4 7. Bd3 Nc6 8. Nxc6 dxc6 9. 0-0 e5 10. Bg5 h6 11. Bh4 Bc5 12. Na4 Bd4 13. c5 Be6 14. Rc1 0-0 15. a3 Qe7 16. Nb6 Rad8 17. Qc2 Bxc5 18. Qxc5 Qxc5 19. Rxc5 Rxd3 20. Rxe5 Rb3 21. Na4 Nd7 22. Ra5 b6 23. Rxa6 Bc4 24. Ra7 Bxf1 25. Rxd7 Bb5 26. Nxb6 Rxb2 27. f3 Ra2 28. Ra7 g5 29. Bg3 Rd8 30. h4 gxh4 31. Bxh4 Rdd2 32. Kh2 Rxg2+ 33. Kh3 Bf1 34. Bd8 Rg6+ 0-1

[Event "EU-ch (Women) 5th"]
[Site "Dresden"]
[Date "2004.03.22"]
[Round "2"]
[White "Zaiatz, Elena"]
[Black "Cinar, Nilufer"]
[Result "1-0"]
[WhiteElo "2333"]
[BlackElo "2092"]
[PlyCount "93"]
[EventDate "2004.03.21"]
[EventType "swiss"]
[EventRounds "12"]
[EventCountry "GER"]
[SourceTitle "CBM 099 Extra"]
[Source "ChessBase"]
[SourceDate "2004.05.04"]
[SourceVersion "1"]
[SourceVersionDate "2004.05.04"]
[SourceQuality "1"]

1. d4 Nf6 2. c4 c5 3. d5 b5 4. cxb5 a6 5. bxa6 g6 6. Nc3 Bxa6 7. g3 d6 8. Bg2 Bg7 9. Nf3 Nbd7 10. Rb1 0-0 11. 0-0 Qa5 12. Bd2 Rfb8 13. Qc2 Qc7 14. b3 Nb6 15. Nh4 Bb7 16. e4 Ba6 17. Rfd1 Qc8 18. h3 Ra7 19. a4 Ne8 20. Nf3 Nd7 21. Rdc1 Ne5 22. Nxe5 Bxe5 23. Na2 Qd7 24. b4 cxb4 25. Nxb4 Rc8 26. Nc6 Raa8 27. Rb6 Bd4 28. Rb3 Bb7 29. a5 Bc5 30. e5 Bxc6 31. dxc6 Qe6 32. exd6 Bxd6 33. Re1 Qf6 34. Qc4 Nc7 35. Bc3 Qg5 36. Qd4 f6 37. Qd3 Re8 38. h4 Qc5 39. Bb4 Qa7 40. Bxd6 exd6 41. Rxe8+ Rxe8 42. Qc3 Re2 43. Qxf6 Qxa5 44. Rb8+ Ne8 45. c7 Qe1+ 46. Kh2 Rxf2 47. Qxf2 1-0

[Event "EU-chT (Women) 5th"]
[Site "Plovdiv"]
[Date "2003.10.20"]
[Round "9"]
[White "Koskela, Niina"]
[Black "Cinar, Nilufer"]
[Result "1-0"]
[WhiteElo "2280"]
[BlackElo "2084"]
[PlyCount "71"]
[EventDate "2003.10.10"]
[EventType "team-swiss"]
[EventRounds "9"]
[EventCountry "BUL"]
[SourceTitle "EXT 2020"]
[Source "ChessBase"]
[SourceDate "2019.10.17"]
[SourceVersion "1"]
[SourceVersionDate "2019.10.17"]
[SourceQuality "1"]
[WhiteTeam "Finland (W)"]
[BlackTeam "Turkey (W)"]
[WhiteTeamCountry "FIN"]
[BlackTeamCountry "TUR"]

1. e4 c5 2. Nf3 Nc6 3. Bb5 g6 4. Bxc6 dxc6 5. d3 Bg7 6. h3 e5 7. Be3 Qe7 8. Qd2 Nf6 9. Nc3 0-0 10. Bh6 Re8 11. 0-0 Bh8 12. Bg5 Qd6 13. Nh2 b6 14. Ne2 c4 15. Rfd1 cxd3 16. Ng3 Ba6 17. Rac1 Qe6 18. cxd3 Rad8 19. Qc3 c5 20. Ng4 h5 21. Ne3 Rd7 22. Bxf6 Bxf6 23. Ngf1 Bg5 24. Qa3 Bb5 25. Rc3 Red8 26. Nh2 Be7 27. Nd5 c4 28. b4 a5 29. Nxe7+ Rxe7 30. bxa5 cxd3 31. Nf3 bxa5 32. Qxa5 Qd7 33. Rd2 Rb8 34. a4 Bxa4 35. Rcxd3 Qe8 36. Rd8 1-0

[Event "EU-ch (Women) 4th"]
[Site "Istanbul"]
[Date "2003.06.12"]
[Round "9"]
[White "Cinar, Nilufer"]
[Black "Lauterbach, Ingrid"]
[Result "0-1"]
[WhiteElo "2090"]
[BlackElo "2144"]
[PlyCount "140"]
[EventDate "2003.06.02"]
[EventType "swiss"]
[EventRounds "11"]
[EventCountry "TUR"]
[SourceTitle "CBM 094 Extra"]
[Source "ChessBase"]
[SourceDate "2003.07.09"]
[SourceVersion "2"]
[SourceVersionDate "2003.07.09"]
[SourceQuality "1"]

1. e4 d6 2. d4 Nf6 3. Nc3 g6 4. Be3 c6 5. f3 Nbd7 6. Qd2 b5 7. Nge2 Nb6 8. Ng3 h5 9. Bd3 Qc7 10. 0-0 a6 11. a4 b4 12. Nd1 c5 13. a5 Nbd7 14. c3 h4 15. Ne2 c4 16. Bb1 b3 17. Nf2 e5 18. f4 Be7 19. h3 Bb7 20. Rd1 Nh5 21. Ng4 Ndf6 22. dxe5 dxe5 23. Nxf6+ Nxf6 24. fxe5 Nxe4 25. Bxe4 Bxe4 26. Bd4 Rh5 27. Rf1 Qc6 28. Rf2 Rg5 29. Nf4 Rg3 30. Re1 Bg5 31. Qe2 Bf5 32. Kh2 Rd8 33. Bb6 Rc8 34. e6 f6 35. Rd1 Bxf4 36. Rxf4 Bd3 37. Qf2 Be4 38. Rg1 Qd6 39. Qd4 Rxg2+ 40. Rxg2 Qxf4+ 41. Kg1 Qc1+ 42. Kf2 Qc2+ 43. Ke3 Qd3+ 44. Qxd3 Bxd3 45. Kd4 Bf5 46. Kd5 Ke7 47. Bc5+ Ke8 48. e7 g5 49. Rf2 Bxh3 50. Rxf6 Rxc5+ 51. Kxc5 Kxe7 52. Rxa6 Bg2 53. Kd4 h3 54. Rh6 g4 55. Ke3 g3 56. Kf4 h2 57. Kxg3 h1Q 58. Rxh1 Bxh1 59. Kf4 Kd6 60. Ke3 Kc5 61. Kf4 Bg2 62. Ke5 Kb5 63. Kd4 Bf1 64. Kd5 Kxa5 65. Kc5 Ka6 66. Kb4 Kb6 67. Ka4 Kc5 68. Ka3 Kd5 69. Kb4 Ke4 70. Ka3 Kd3 0-1

[Event "Olympiad Women-35"]
[Site "Bled"]
[Date "2002.11.08"]
[Round "13.2"]
[White "Cinar, Nilufer"]
[Black "Wilman, Carey"]
[Result "1-0"]
[WhiteElo "2115"]
[BlackElo "2044"]
[PlyCount "81"]
[EventDate "2002.10.26"]
[EventType "team-swiss"]
[EventRounds "14"]
[EventCountry "SLO"]
[SourceTitle "EXT 2003"]
[Source "ChessBase"]
[SourceDate "2002.11.25"]
[SourceVersion "1"]
[SourceVersionDate "2002.11.25"]
[SourceQuality "1"]
[WhiteTeam "Turkey (W)"]
[BlackTeam "Scotland (W)"]
[WhiteTeamCountry "TUR"]
[BlackTeamCountry "SCO"]

1. e4 d6 2. d4 Nf6 3. Nc3 g6 4. Bg5 Bg7 5. Qd2 c6 6. Bd3 Qa5 7. f4 Na6 8. Nf3 Bg4 9. 0-0 Bxf3 10. Rxf3 Qb6 11. Bxa6 bxa6 12. e5 Nd7 13. Kh1 Rb8 14. b3 d5 15. f5 h6 16. Bh4 g5 17. Bg3 e6 18. Qd3 g4 19. Rff1 c5 20. fxe6 Qxe6 21. dxc5 Nxc5 22. Qd4 Nd7 23. Nxd5 0-0 24. Rae1 Rb7 25. Nf6+ Kh8 26. Qe4 Bxf6 27. Qxb7 Be7 28. Qe4 Nc5 29. Qe3 Kh7 30. Rd1 f5 31. Bf4 Rf7 32. c4 Ne4 33. Rd5 Bb4 34. Qd3 Rg7 35. Rd4 Nc5 36. Qc2 Nd7 37. c5 Bxc5 38. Rxd7 Qxd7 39. Qxc5 Qd3 40. Rc1 g3 41. Qd6 1-0

[Event "Olympiad Women-35"]
[Site "Bled"]
[Date "2002.11.02"]
[Round "8.3"]
[White "Puuska, Heini"]
[Black "Cinar, Nilufer"]
[Result "1/2-1/2"]
[WhiteElo "2077"]
[BlackElo "2115"]
[PlyCount "159"]
[EventDate "2002.10.26"]
[EventType "team-swiss"]
[EventRounds "14"]
[EventCountry "SLO"]
[SourceTitle "EXT 2003"]
[Source "ChessBase"]
[SourceDate "2002.11.25"]
[SourceVersion "1"]
[SourceVersionDate "2002.11.25"]
[SourceQuality "1"]
[WhiteTeam "Finland (W)"]
[BlackTeam "Turkey (W)"]
[WhiteTeamCountry "FIN"]
[BlackTeamCountry "TUR"]

1. d4 Nf6 2. Nf3 d5 3. Bf4 c5 4. dxc5 Qa5+ 5. c3 Qxc5 6. e3 Nc6 7. Nbd2 g6 8. Rc1 Qb6 9. b4 Bg7 10. Bd3 0-0 11. h3 Re8 12. b5 e5 13. Bh2 e4 14. bxc6 exf3 15. Nxf3 bxc6 16. 0-0 Ne4 17. c4 dxc4 18. Rxc4 Nc5 19. Be2 Ba6 20. Rc1 Rad8 21. Qc2 Bxe2 22. Qxe2 Ne4 23. Qc4 c5 24. Rb1 Qe6 25. Qxe6 Rxe6 26. Rb7 Ra6 27. Rfb1 Rxa2 28. Re7 Nc3 29. Bc7 Rc8 30. Rb8 Rxb8 31. Bxb8 Bf6 32. Rxa7 Rxa7 33. Bxa7 Ne4 34. Kf1 Kf8 35. Ke2 Ke7 36. Nd2 Nc3+ 37. Kd3 Kd6 38. Kc4 Kc6 39. Bxc5 Na4 40. Bd4 Be7 41. Nf3 f6 42. Nd2 Nc5 43. Bxc5 Bxc5 44. Ne4 Be7 45. g4 Bd8 46. f4 g5 47. fxg5 fxg5 48. Kd4 Bb6+ 49. Kd3 Bd8 50. Nf2 Kd5 51. Nd1 Bf6 52. e4+ Ke5 53. Ke3 Be7 54. Kf3 Bc5 55. Ne3 Be7 56. Nc4+ Kd4 57. Ne3 Ke5 58. Nf5 Bc5 59. h4 gxh4 60. Nxh4 Be7 61. Nf5 Bg5 62. Ne3 Be7 63. Nc4+ Kd4 64. Nb6 Ke5 65. Nd5 Bg5 66. Nc3 Bd2 67. Nd1 Bg5 68. Nf2 Bd8 69. Nd3+ Kd4 70. Nb4 Bg5 71. Nc6+ Kc5 72. Ne5 Kd4 73. Nf7 Bc1 74. g5 Bd2 75. e5 Kd5 76. Kg4 Ke6 77. Nd8+ Kxe5 78. Kh5 Kf5 79. Nf7 Ke6 80. g6 1/2-1/2

[Event "Olympiad Women-35"]
[Site "Bled"]
[Date "2002.10.31"]
[Round "6.2"]
[White "Samaganova, Alexandra"]
[Black "Cinar, Nilufer"]
[Result "1-0"]
[WhiteElo "2041"]
[BlackElo "2115"]
[PlyCount "67"]
[EventDate "2002.10.26"]
[EventType "team-swiss"]
[EventRounds "14"]
[EventCountry "SLO"]
[SourceTitle "EXT 2003"]
[Source "ChessBase"]
[SourceDate "2002.11.25"]
[SourceVersion "1"]
[SourceVersionDate "2002.11.25"]
[SourceQuality "1"]
[WhiteTeam "Kyrgyzstan (W)"]
[BlackTeam "Turkey (W)"]
[WhiteTeamCountry "KGZ"]
[BlackTeamCountry "TUR"]

1. c4 c5 2. Nc3 Nc6 3. g3 g6 4. Bg2 Bg7 5. e4 d6 6. Nge2 e6 7. 0-0 Nge7 8. d3 0-0 9. a3 a6 10. Rb1 a5 11. f4 f5 12. Be3 Rb8 13. Bf2 Nd4 14. b4 Nxe2+ 15. Nxe2 cxb4 16. axb4 axb4 17. Rxb4 Nc6 18. Rb1 Qa5 19. exf5 Bd7 20. fxe6 Bxe6 21. Bb6 Qa2 22. h3 Rbe8 23. Rf2 Qa6 24. Bc7 Nd4 25. Kh1 b5 26. Ra1 Qc8 27. Bxd6 Nxe2 28. Rxe2 Bxh3 29. Bd5+ Kh8 30. Bxf8 Rxf8 31. Ra8 Qf5 32. Ree8 Qf6 33. Rxf8+ Bxf8 34. Rxf8+ 1-0

[Event "Olympiad Women-35"]
[Site "Bled"]
[Date "2002.10.27"]
[Round "2.2"]
[White "Gjergji, Rozana"]
[Black "Cinar, Nilufer"]
[Result "1-0"]
[WhiteElo "2025"]
[BlackElo "2115"]
[PlyCount "97"]
[EventDate "2002.10.26"]
[EventType "team-swiss"]
[EventRounds "14"]
[EventCountry "SLO"]
[SourceTitle "EXT 2003"]
[Source "ChessBase"]
[SourceDate "2002.11.25"]
[SourceVersion "1"]
[SourceVersionDate "2002.11.25"]
[SourceQuality "1"]
[WhiteTeam "Albania (W)"]
[BlackTeam "Turkey (W)"]
[WhiteTeamCountry "ALB"]
[BlackTeamCountry "TUR"]

1. e4 c5 2. d4 cxd4 3. c3 d5 4. Qxd4 dxe4 5. Qxe4 Nf6 6. Bb5+ Nc6 7. Bxc6+ bxc6 8. Qxc6+ Bd7 9. Qa6 Qb8 10. Na3 e6 11. Nf3 Be7 12. Nd4 0-0 13. Nc4 Rc8 14. Ne3 Bc5 15. Qd3 e5 16. Nb3 Bb5 17. Qc2 Bf8 18. Nd2 Qb7 19. c4 Bc6 20. Qf5 Re8 21. 0-0 Bc5 22. Re1 Rad8 23. f3 Qb4 24. a3 Qb6 25. Ndf1 Qb3 26. Kh1 Bd4 27. Qc2 Qb7 28. Nf5 Bc5 29. b4 Bf8 30. Bb2 e4 31. b5 Bd7 32. Bxf6 gxf6 33. fxe4 Bxf5 34. exf5 Rxe1 35. Rxe1 Bxa3 36. Qc3 Be7 37. Ne3 Qc7 38. Ng4 Kg7 39. Qe3 Qc5 40. Qh6+ Kg8 41. Nxf6+ Bxf6 42. Qxf6 Qc7 43. h3 Rc8 44. Re7 Qxc4 45. Qg5+ Kf8 46. Re1 Qb4 47. Qh6+ Kg8 48. Re3 Qf8 49. Rg3+ 1-0

[Event "Olympiad Women-35"]
[Site "Bled"]
[Date "2002.10.26"]
[Round "1.2"]
[White "Cinar, Nilufer"]
[Black "Meenakshi, Subbaraman"]
[Result "1/2-1/2"]
[WhiteElo "2115"]
[BlackElo "2309"]
[PlyCount "90"]
[EventDate "2002.10.26"]
[EventType "team-swiss"]
[EventRounds "14"]
[EventCountry "SLO"]
[SourceTitle "EXT 2003"]
[Source "ChessBase"]
[SourceDate "2002.11.25"]
[SourceVersion "1"]
[SourceVersionDate "2002.11.25"]
[SourceQuality "1"]
[WhiteTeam "Turkey (W)"]
[BlackTeam "India (W)"]
[WhiteTeamCountry "TUR"]
[BlackTeamCountry "IND"]

1. e4 e5 2. Nf3 Nf6 3. d4 Nxe4 4. Bd3 d5 5. Nxe5 Nd7 6. Nxd7 Bxd7 7. 0-0 Bd6 8. Nc3 Nxc3 9. bxc3 g6 10. Re1+ Be6 11. Rb1 Rb8 12. c4 0-0 13. cxd5 Bxd5 14. c4 Be6 15. d5 Bd7 16. Bb2 b6 17. Qf3 Qg5 18. Bf6 Qg4 19. Qe3 Rfe8 20. Qh6 Bf8 21. Qd2 Bd6 22. h3 Qf4 23. Qxf4 Bxf4 24. g3 Bd6 25. Kg2 Kf8 26. h4 Rxe1 27. Rxe1 Re8 28. Rxe8+ Kxe8 29. Kf3 Ba4 30. Ke2 Kd7 31. Be4 Bc5 32. f4 a6 33. g4 b5 34. cxb5 Bxb5+ 35. Kd2 Bc4 36. a4 Be7 37. Bxe7 Kxe7 38. Kc3 Be2 39. g5 a5 40. Bc2 Kd6 41. Kd4 Bf3 42. Bb3 Bg2 43. Ba2 Bh1 44. Bb3 Bf3 45. Bc4 Bh1 1/2-1/2

[Event "TUR-ch (Women)"]
[Site "Ankara"]
[Date "2002.07.30"]
[Round "11"]
[White "Yildiz Kadioglu, Betul Cemre"]
[Black "Cinar, Nilufer"]
[Result "1-0"]
[WhiteElo "2108"]
[BlackElo "2115"]
[PlyCount "72"]
[EventDate "2002.07.24"]
[EventType "tourn"]
[EventRounds "11"]
[EventCountry "TUR"]
[SourceTitle "CBM 089 Extra"]
[Source "ChessBase"]
[SourceDate "2002.09.10"]
[SourceVersion "2"]
[SourceVersionDate "2002.09.10"]
[SourceQuality "1"]

1. e4 c5 2. Nc3 Nc6 3. g3 g6 4. Bg2 Bg7 5. d3 d6 6. f4 e6 7. Nf3 Nge7 8. 0-0 0-0 9. Be3 b6 10. Bf2 Ba6 11. Qd2 Qd7 12. Rae1 Rae8 13. g4 f5 14. gxf5 exf5 15. Bh3 d5 16. e5 Nd8 17. Ne2 d4 18. Bg2 Bb7 19. h4 Ne6 20. Ng5 Bxg2 21. Kxg2 Qd5+ 22. Kh2 Nc6 23. a3 Nxg5 24. hxg5 h6 25. Bh4 hxg5 26. Bxg5 Kf7 27. Ng1 Rh8+ 28. Kg3 Rh5 29. Nf3 Reh8 30. Qg2 Ke8 31. Rh1 Nd8 32. Rxh5 Rxh5 33. Rh1 Rxh1 34. Qxh1 Ne6 35. Qh7 Nf8 36. Qxg7 Qc6 1-0